| 000 | 00667nam a22001817a 4500 | ||
|---|---|---|---|
| 008 | 160512b xxu||||| |||| 00| 0 eng d | ||
| 020 | _a981-247-170-7 | ||
| 082 |
_22005 _aDFil 610.73076 _bH67k |
||
| 100 |
_97963 _aHogan, Mary Ann. |
||
| 245 |
_aReviews and rationales series for nursing: _bmedical-surgical nursing/ _cMary Ann Hogan and Tomas Madayag. |
||
| 260 |
_aPhilippines: _bPearson Education South Asia PTE LTD, _cc2005. |
||
| 300 |
_axvii, 763 pages: _billustrations; _c25 cm. |
||
| 500 | _aIncludes index. | ||
| 650 | 0 |
_97965 _aNursing _vReviewer. |
|
| 650 | 0 |
_97966 _aMedical-surgical nursing, Reviewer. |
|
| 700 |
_97964 _aMadayag, Tomas. |
||
| 942 |
_2ddc _cDFIL |
||
| 999 |
_c2418 _d2418 |
||